000 01214pam a2200361 i 4500
001 2202
003 FISKH
005 20231110155321.0
008 750804s1976 nyua j 000 0beng
010 _a 75025902
020 _a0698203658 :
020 _a9780590412056
020 _a0698306171 (lib. bdg.)
040 _aDLC
_beng
_cDLC
_dDLC
042 _alcac
050 0 0 _aE302.6.F8
_bF88 1976
082 0 0 _a973.3/092/4
_aB
_a92
100 1 _aFritz, Jean.
245 1 0 _aWhat's the big idea, Ben Franklin? /
_cBy Jean Fritz ; illustrated by Margot Tomes.
250 _a2009 Scholastic edition
260 _aNew York :
_bScholastic,
_c1976.
300 _a46 pages :
_billustrations ;
_c20 cm
505 _aW
520 _aA brief biography of the eighteenth-century printer, inventor, and statesman who played an influential role in the early history of the United States.
521 8 _a830
_bLexile
521 8 _aW
_bRaz-Plus
600 1 0 _aFranklin, Benjamin,
_d1706-1790
_vJuvenile literature.
600 1 1 _aFranklin, Benjamin,
_d1706-1790.
650 1 _aStatesmen.
700 1 _aTomes, Margot.
_eillustrator
906 _a7
_bcbc
_corignew
_d1
_eocip
_f19
_gy-gencatlg
942 _2ddc
_cBK
_n0
999 _c2202
_d2202